Joint commission guide to allied health professionals. (Record no. 905)
[ view plain ]
| 000 -LEADER | |
|---|---|
| fixed length control field | 00464cam a22001454a 4500 |
| 020 ## - INTERNATIONAL STANDARD BOOK NUMBER | |
| ISBN | 0866887342 |
| 050 00 - CALL NUMBER | |
| Classification number | R697.A4 |
| Item number | J65 |
| 100 ## - AUTHOR | |
| Personal name | JOINT COMMISSION |
| 245 00 - TITLE | |
| Title | Joint commission guide to allied health professionals. |
| 260 ## - PUBLICATION INFORMATION | |
| Place of publication | Oakbrook Terrace, IL : |
| Name of publisher | Joint Commission Resources, |
| Year of publication | c2002. |
| 300 ## - DESCRIPTION | |
| Number of Pages | vi, 138 p. ; |
| Dimensions | 28 cm. |
| 650 #0 - SUBJECTS | |
| Topical Term | Allied health personnel. |
| 710 2# - OTHER AUTHORS | |
| OTHER AUTHORS | Joint Commission on Accreditation of Healthcare Organizations. |
| 942 ## - ADDED ENTRY ELEMENTS (KOHA) | |
| Koha item type | Books |
| Withdrawn status | Lost status | Home library | Current library | Shelving location | Date acquired | Full call number | Accession Number | Copy number | Koha item type |
|---|---|---|---|---|---|---|---|---|---|
| Methodist University Library Wenchi Nursing | Methodist University Library Wenchi Nursing | General Stacks | 15/11/2017 | R697.A4 J65 | 35021 | 1 | Books | ||
| Methodist University Library Wenchi Nursing | Methodist University Library Wenchi Nursing | General Stacks | 15/11/2017 | R697.A4 J65 | 35550 | 2 | Books | ||
| Methodist University Library Wenchi Nursing | Methodist University Library Wenchi Nursing | 23/09/2021 | R697.A4 J65 | 31407 | Books | ||||
| Methodist University Library Wenchi Nursing | Methodist University Library Wenchi Nursing | 23/09/2021 | R697.A4 J65 | 31408 | Books | ||||
| Methodist University Library Wenchi Nursing | Methodist University Library Wenchi Nursing | 23/09/2021 | R697.A4 J65 | 35551 | Books |